| 000 -LEADER |
| fixed length control field |
04851nam a22005295i 4500 |
| 001 - CONTROL NUMBER |
| control field |
978-3-030-89988-2 |
| 003 - CONTROL NUMBER IDENTIFIER |
| control field |
DE-He213 |
| 005 - DATE AND TIME OF LATEST TRANSACTION |
| control field |
20250103112324.0 |
| 007 - PHYSICAL DESCRIPTION FIXED FIELD--GENERAL INFORMATION |
| fixed length control field |
cr nn 008mamaa |
| 008 - FIXED-LENGTH DATA ELEMENTS--GENERAL INFORMATION |
| fixed length control field |
220215s2022 sz | s |||| 0|eng d |
| 020 ## - INTERNATIONAL STANDARD BOOK NUMBER |
| International Standard Book Number |
9783030899882 |
| -- |
978-3-030-89988-2 |
| 024 ## - OTHER STANDARD IDENTIFIER |
| Standard number or code |
10.1007/978-3-030-89988-2 |
| Source of number or code |
doi |
| 050 ## - LIBRARY OF CONGRESS CALL NUMBER |
| Classification number |
TA174 |
| 072 ## - SUBJECT CATEGORY CODE |
| Subject category code |
TBD |
| Source |
bicssc |
| 072 ## - SUBJECT CATEGORY CODE |
| Subject category code |
TEC016000 |
| Source |
bisacsh |
| 072 ## - SUBJECT CATEGORY CODE |
| Subject category code |
TBD |
| Source |
thema |
| 082 ## - DEWEY DECIMAL CLASSIFICATION NUMBER |
| Classification number |
620.0042 |
| Edition number |
23 |
| 245 ## - TITLE STATEMENT |
| Title |
Design in Maritime Engineering |
| Medium |
[electronic resource] : |
| Remainder of title |
Contributions from the ICMAT 2021 / |
| Statement of responsibility, etc. |
edited by Azman Ismail, Wardiah Mohd Dahalan, Andreas Öchsner. |
| 250 ## - EDITION STATEMENT |
| Edition statement |
1st ed. 2022. |
| 260 ## - PUBLICATION, DISTRIBUTION, ETC. |
| Place of publication, distribution, etc. |
Cham : |
| Name of publisher, distributor, etc. |
Springer International Publishing : |
| -- |
Imprint: Springer, |
| Date of publication, distribution, etc. |
2022. |
| 300 ## - PHYSICAL DESCRIPTION |
| Extent |
XXIII, 464 p. 218 illus., 173 illus. in color. |
| Other physical details |
online resource. |
| 336 ## - CONTENT TYPE |
| Content type term |
text |
| Content type code |
txt |
| Source |
rdacontent |
| 337 ## - MEDIA TYPE |
| Media type term |
computer |
| Media type code |
c |
| Source |
rdamedia |
| 338 ## - CARRIER TYPE |
| Carrier type term |
online resource |
| Carrier type code |
cr |
| Source |
rdacarrier |
| 347 ## - DIGITAL FILE CHARACTERISTICS |
| File type |
text file |
| Encoding format |
PDF |
| Source |
rda |
| 490 ## - SERIES STATEMENT |
| Series statement |
Advanced Structured Materials, |
| International Standard Serial Number |
1869-8441 ; |
| Volume/sequential designation |
167 |
| 505 ## - FORMATTED CONTENTS NOTE |
| Formatted contents note |
Review of the Current Trend on Autonomous Vehicles in Developing Countries -- Review of Current Trends in Marine Energy on Large Tidal Current Turbine -- The National Contingency Plan Towards the Oil Spill Preparation and Response in Malaysia -- Simulation of Three-Point Bending Sandwich Composite Panel Through Finite Element Analysis -- The uses of Unmanned Aerial Vehicle (UAV) for Slope Mapping with the Determination of Potential Slope Hazard -- Tensile Strength: +45° Isotropic FRP Laminate with Different Universal Testing Machine -- Instruments utilized in Short Sea Shipping Research: A Review -- Issues on Palm Oil with Regard to The Revised MARPOL Annex II. A Re-view -- Assessing The Efficacy of The Advance Transfer Technique in Calculating Wheel Over Point Through Simulation Study -- Polysulfone/Cellulose Acetate Phthalate/Polyvinylpyrrolidone (PSf/CAP/PVP) Blend Membrane: Effect of Evaporation Time on Blend Membrane Characteristics -- Influence of Deadrise on the Dynamic Instability of A 14 Metres Custom Boat in Regular Waves -- The Implication of Container Floating Terminal on The Efficiency of Port Klang’s Terminal Operations and Domestic Freight Forwarding Industry -- The Optical Properties of Polyvinyl Alcohol (PVA), Phosphorylated Polyvinyl Alcohol (PPVA) and Phosphorylated Polyvinyl Alcohol – Aluminum Phosphate (PPVA-AlPO4) - Nanocomposite. Effect of Phosphate Groups -- Tensile and corrosion resistance studies of MXenes/nanocomposites - A Review -- Effect of Nanofillers on The Mechanical Properties of Epoxy Nanocomposites -- The degradation of mechanical properties caused by acetone chemical treatment on 3D-printed PLA-carbon fibre composites -- Tensile and Morphology Analysis of Oil Palm Trunk (OPT) Specimen Re-inforced Epoxy Fabricated via Vacuum Assisted Resin Transfer Moulding (VARTM) -- The Analysis of Container Terminal Throughput Using ARIMA and SARIMA -- Investigation on theMechanical and Microstructural Characteristics of Diffusional Bonded Gray Cast Iron and Low Carbon Steel -- Examination Table Innovation Static into Dynamic which Ergonomic using Anthropometry Approach and Rational Method. |
| 520 ## - SUMMARY, ETC. |
| Summary, etc. |
This book covers several research outcomes of various fields and schools related to maritime operation, applications and materials science. Thirty-four research papers have been compiled from the 2nd International Conference on Marine and Advanced Technologies 2021 (ICMAT 2021) which was organized by the Research and Innovation Section of the Universiti Kuala Lumpur-MIMET. The chapters were written by experienced lecturers from various universities in Malaysia discussing various topics and sub-topics related to maritime engineering and materials science. These chapters portray the actual knowledge on the latest developments and trends of technologies in maritime industries. . |
| 650 ## - SUBJECT ADDED ENTRY--TOPICAL TERM |
| Topical term or geographic name entry element |
Engineering design. |
| 650 ## - SUBJECT ADDED ENTRY--TOPICAL TERM |
| Topical term or geographic name entry element |
Marine engineering. |
| 650 ## - SUBJECT ADDED ENTRY--TOPICAL TERM |
| Topical term or geographic name entry element |
Engineering Design. |
| 650 ## - SUBJECT ADDED ENTRY--TOPICAL TERM |
| Topical term or geographic name entry element |
Marine Engineering. |
| 700 ## - ADDED ENTRY--PERSONAL NAME |
| Personal name |
Ismail, Azman. |
| Relator term |
editor. |
| Relationship |
edt |
| -- |
http://id.loc.gov/vocabulary/relators/edt |
| 700 ## - ADDED ENTRY--PERSONAL NAME |
| Personal name |
Dahalan, Wardiah Mohd. |
| Relator term |
editor. |
| Relationship |
edt |
| -- |
http://id.loc.gov/vocabulary/relators/edt |
| 700 ## - ADDED ENTRY--PERSONAL NAME |
| Personal name |
Öchsner, Andreas. |
| Relator term |
editor. |
| Relationship |
edt |
| -- |
http://id.loc.gov/vocabulary/relators/edt |
| 710 ## - ADDED ENTRY--CORPORATE NAME |
| Corporate name or jurisdiction name as entry element |
SpringerLink (Online service) |
| 773 ## - HOST ITEM ENTRY |
| Title |
Springer Nature eBook |
| 776 ## - ADDITIONAL PHYSICAL FORM ENTRY |
| Relationship information |
Printed edition: |
| International Standard Book Number |
9783030899875 |
| 776 ## - ADDITIONAL PHYSICAL FORM ENTRY |
| Relationship information |
Printed edition: |
| International Standard Book Number |
9783030899899 |
| 776 ## - ADDITIONAL PHYSICAL FORM ENTRY |
| Relationship information |
Printed edition: |
| International Standard Book Number |
9783030899905 |
| 830 ## - SERIES ADDED ENTRY--UNIFORM TITLE |
| Uniform title |
Advanced Structured Materials, |
| International Standard Serial Number |
1869-8441 ; |
| Volume/sequential designation |
167 |
| 856 ## - ELECTRONIC LOCATION AND ACCESS |
| Uniform Resource Identifier |
<a href="https://doi.org/10.1007/978-3-030-89988-2">https://doi.org/10.1007/978-3-030-89988-2</a> |
| 912 ## - |
| -- |
ZDB-2-ENG |
| 912 ## - |
| -- |
ZDB-2-SXE |